Famous Literary Homes Quiz Stats

 Plays Quiz not verified by Sporcle

Challenge
Share
Tweet
Embed
Score 0/8 Timer 08:00
0 Plays Today
Home Book % Correct
PemberleyPride and Prejudice
77.8%
Thornfield HallJane Eyre
57.6%
The BurrowHarry Potter
55.2%
Thrushcross GrangeWuthering Heights
54.2%
Twelve OaksGone With the Wind
43.3%
Norland ParkSense and Sensibility
37.9%
Satis HouseGreat Expectations
31%
Orchard HouseLittle Women
23.2%

You're not logged in!

Compare scores with friends on all Sporcle quizzes.
OR
Log In

You Might Also Like...

Show Comments

Extras

Created Aug 23, 2010ReportNominate
Tags:estate

Top Quizzes Today


Score Distribution

Your Account Isn't Verified!

In order to create a playlist on Sporcle, you need to verify the email address you used during registration. Go to your Sporcle Settings to finish the process.

Report this User

Report this user for behavior that violates our Community Guidelines.

Details: